Tiszatáj 1990/6
Elmentve itt :
| Dokumentumtípus: | Folyóirat |
|---|---|
| Megjelent: |
1990
|
| Sorozat: | Tiszatáj
44 No. 6 |
| Online Access: | http://tiszataj.bibl.u-szeged.hu/356 |
| LEADER | 00437nas a2200145 i 4500 | ||
|---|---|---|---|
| 001 | tisza356 | ||
| 005 | 20200415090914.0 | ||
| 008 | 160906s1990 hu o 0|| hun d | ||
| 022 | |a 0133-1167 | ||
| 040 | |a SZTE Tiszatáj Archívum |b hun | ||
| 041 | |a hun | ||
| 245 | 0 | 0 | |a Tiszatáj 1990/6 |h [elektronikus dokumentum] |
| 260 | |c 1990 | ||
| 490 | 0 | |a Tiszatáj |v 44 No. 6 | |
| 856 | 4 | 0 | |u http://tiszataj.bibl.u-szeged.hu/356/1/tiszataj_1990_006.pdf |z Dokumentum-elérés |